• AIU
  • Tony Wilmot Memorial Library
Normal view MARC view

Entry Topical Term

Number of records used in: 1

001 - CONTROL NUMBER

  • control field: 24465

003 - CONTROL NUMBER IDENTIFIER

  • control field: OSt

005 - DATE AND TIME OF LATEST TRANSACTION

  • control field: 20140206112230.0

008 - FIXED-LENGTH DATA ELEMENTS

  • fixed length control field: 140206|| aca||aabn | a|a d

040 ## - CATALOGING SOURCE

  • Original cataloging agency: OSt
  • Transcribing agency: OSt

600 ## -

  • : Reformed Church
  • : Doctrines
  • : History
  • : 18th century.

670 ## - SOURCE DATA FOUND

  • Source citation: Work cat.: (OSt)0: Gerrish, B. A. (Brian Albert), 1931- 24463, Tradition and the modern world :, c1978.